Notas sobre la estructura social-demográfica del Madrid de los Austrias / (Record no. 141868)

MARC details
000 -LEADER
campo de control de longitud fija 00705nam a2200205 i 4500
001 - NÚMERO DE CONTROL
campo de control 141868
003 - IDENTIFICADOR DE NÚMERO DE CONTROL
campo de control ES-MaACL
005 - FECHA Y HORA DE LA ÚLTIMA TRANSACCIÓN
campo de control 20250803094658.0
007 - CAMPO FIJO DE DESCRIPCIÓN FÍSICA--INFORMACIÓN GENERAL
campo de control de longitud fija t|
008 - DATOS DE LONGITUD FIJA--INFORMACIÓN GENERAL
campo de control de longitud fija 070928s1955 sp ||||1| spa d
080 ## - NÚMERO DE LA CLASIFICACIÓN DECIMAL UNIVERSAL
Número de la Clasificación Decimal Universal 312(464.1)"16/17"
100 1# - ENTRADA PRINCIPAL--NOMBRE DE PERSONA
Nombre de persona Viñas y Mey, Carmelo
9 (RLIN) 115384
245 10 - MENCIÓN DEL TÍTULO
Título Notas sobre la estructura social-demográfica del Madrid de los Austrias /
Mención de responsabilidad, etc. Carmelo Viñas y Mey.
260 ## - PUBLICACIÓN, DISTRIBUCIÓN, ETC.
Lugar de publicación, distribución, etc. Madrid :
Nombre del editor, distribuidor, etc. [s.n.],
Fecha de publicación, distribución, etc. 1955.
300 ## - DESCRIPCIÓN FÍSICA
Extensión 18 h. ;
Dimensiones 24 cm.
500 ## - NOTA GENERAL
Nota general Separata de: "Revista de la Universidad de Madrid". Vol. IV-Nº 16, p. 461-496.
651 #7 - PUNTO DE ACCESO ADICIONAL DE MATERIA--NOMBRE GEOGRÁFICO
Nombre geográfico Madrid-
Subdivisión general Población-
Subdivisión de forma Historia
Fuente del encabezamiento o término
9 (RLIN) 168623
852 ## - LOCALIZACIÓN
Ubicación ES-MaACL
Número de control de estantería 1993-F-10
Sublocalización o colección R.39382
Holdings
Estatus retirado Estado de pérdida Estado de daño No para préstamo Colección Biblioteca de origen Biblioteca actual Ubicación en estantería Fecha de adquisición Fuente de adquisición Total de préstamos Signatura topográfica completa Código de barras Visto por última vez Precio de reemplazo Tipo de ítem Koha
        Colección de folletos Biblioteca del Ateneo de Madrid Biblioteca del Ateneo de Madrid Depósito folletos 17/01/2008     1993-F-10 1147616 23/02/2023 23/02/2023 Folleto